000 00532nam a2200181Ia 4500
005 20250508150207.0
008 008 250505s9999 xx 000 0 eng d
037 _aReference
040 _aFEDL
_beng
_cFEDL
041 _aeng
_2eng
084 _a503, NEW
_qFEDL
100 _aNewmark Maxim
245 0 _aDictionary of science and technology in english-franch-german-spanish
260 _aNew York, USA
_bPhilosophical Library
_c1943
300 _aviii,386p.
942 _cREF
_h503, NEW
999 _c1322307
_d1322307